[Event "Osijek-Baranja CupT 10th"]
[Site "Nasice"]
[Date "2017.02.18"]
[Round "2.3"]
[White "Novak, Grgur"]
[Black "Vihovanec, Tomislav"]
[Result "1/2-1/2"]
[WhiteElo "1928"]
[BlackElo "1995"]
[PlyCount "113"]
[EventDate "2017.02.17"]
[EventType "team-swiss"]
[EventRounds "5"]
[EventCountry "CRO"]
[SourceTitle "EXT 2019"]
[Source "ChessBase"]
[SourceDate "2018.10.10"]
[SourceVersion "1"]
[SourceVersionDate "2018.10.10"]
[SourceQuality "1"]

1. e4 c5 2. Nf3 e6 3. d4 cxd4 4. Nxd4 Nc6 5. Nc3 Nf6 6. Ndb5 Bb4 7. a3 Bxc3+ 8. Nxc3 d5 9. exd5 Nxd5 10. Bd2 0-0 11. Be2 b6 12. 0-0 Bb7 13. Bf3 Ne5 14. Bxd5 exd5 15. Be3 Nc4 16. Bc1 d4 17. Ne2 Qd5 18. Nf4 Qc6 19. Qg4 Ne5 20. Qg3 Qxc2 21. Ne6 Nf3+ 22. gxf3 fxe6 23. Bh6 Rf7 24. Rac1 Qf5 25. Rfe1 Kh8 26. Re5 Qxf3 27. Qxf3 Rxf3 28. Rc7 gxh6 29. Rxb7 Rg8+ 30. Kf1 Rgf8 31. Rxe6 Rxf2+ 32. Ke1 R8f7 33. Ree7 Rxe7+ 34. Rxe7 Rxb2 35. Rxa7 Rxh2 36. Rb7 Ra2 37. Rxb6 Rxa3 38. Rd6 Re3+ 39. Kf2 Re4 40. Kf3 Re3+ 41. Kf2 Rd3 42. Ke2 Rg3 43. Rxd4 h5 44. Kf2 Rg6 45. Rh4 Rg5 46. Rh2 Kg7 47. Rg2 h6 48. Kg1 h4 49. Kh2 Kg6 50. Rg1 Kf5 51. Rf1+ Kg4 52. Rg1+ Kh5 53. Rg2 Rf5 54. Rg1 Rf2+ 55. Rg2 Rf5 56. Rg1 Rg5 57. Rg2 1/2-1/2

[Event "CRO-chT2 East"]
[Site "Osijek"]
[Date "2013.05.11"]
[Round "4.15"]
[White "Vihovanec, Tomislav"]
[Black "Tomerlin, Sinisa"]
[Result "0-1"]
[WhiteElo "2004"]
[BlackElo "2233"]
[PlyCount "104"]
[EventDate "2013.04.20"]
[EventType "team-tourn"]
[EventRounds "11"]
[EventCountry "CRO"]
[SourceTitle "EXT 2023"]
[Source "ChessBase"]
[SourceDate "2022.10.05"]
[SourceVersion "1"]
[SourceVersionDate "2022.10.05"]
[SourceQuality "1"]

1. e4 c5 2. Nf3 d6 3. d4 cxd4 4. Nxd4 Nf6 5. Bd3 Nbd7 6. c4 Nc5 7. Nc3 g6 8. h3 Bg7 9. Be3 Nfd7 10. Be2 0-0 11. 0-0 a5 12. Qd2 Re8 13. f4 Nf6 14. Bf3 e5 15. Ndb5 exf4 16. Bxc5 dxc5 17. Qxf4 Nd7 18. Bg4 Ne5 19. Rad1 Qh4 20. Bxc8 Qxf4 21. Rxf4 Rexc8 22. Nd5 Rd8 23. b3 a4 24. Nbc7 Rac8 25. Rdf1 Rd7 26. Nb5 Rc6 27. Nbc3 axb3 28. axb3 Kf8 29. Ra1 Ra6 30. Rxa6 bxa6 31. Na4 Nd3 32. Rf3 Bd4+ 33. Kf1 Ne5 34. Rf6 Nxc4 35. bxc4 Bxf6 36. Nxf6 Rd4 37. Nb6 Ke7 38. Nfd5+ Kd6 39. Nc3 Kc6 40. Ncd5 Rxe4 41. Kf2 Rxc4 42. Nxc4 Kxd5 43. Na3 Kd4 44. Ke2 Kc3 45. g4 f5 46. g5 a5 47. Nb5+ Kb4 48. Nd6 a4 49. Kd3 a3 50. Kc2 f4 51. h4 f3 52. Ne4 c4 0-1

[Event "CRO-chT2 Ost"]
[Site "Osijek"]
[Date "2012.10.06"]
[Round "8.65"]
[White "Vihovanec, Tomislav"]
[Black "Savic, Mihajlo"]
[Result "1/2-1/2"]
[WhiteElo "2006"]
[BlackElo "2237"]
[PlyCount "153"]
[EventDate "2012.04.21"]
[EventType "team-tourn"]
[EventRounds "11"]
[EventCountry "CRO"]
[SourceTitle "EXT 2014"]
[Source "ChessBase"]
[SourceDate "2013.11.20"]
[SourceVersion "1"]
[SourceVersionDate "2013.11.20"]
[SourceQuality "1"]

1. e4 e5 2. Nf3 Nc6 3. Bc4 Be7 4. Nc3 Nf6 5. d3 h6 6. Be3 d6 7. 0-0 0-0 8. h3 Na5 9. Bb3 Nxb3 10. axb3 a6 11. Ne2 Be6 12. Ng3 Qd7 13. Qd2 Kh7 14. c4 c5 15. Nh2 Ng8 16. f4 exf4 17. Rxf4 Bg5 18. Rf3 Qe7 19. Raf1 g6 20. R1f2 Rae8 21. Bxg5 Qxg5 22. Qxg5 hxg5 23. e5 d5 24. Ng4 Kg7 25. Nf6 Nxf6 26. exf6+ Kg8 27. Ne2 b5 28. Nc3 dxc4 29. dxc4 bxc4 30. Na4 cxb3 31. Nxc5 a5 32. Nxb3 a4 33. Nc5 Bd5 34. Rg3 Re1+ 35. Kh2 Rc8 36. Nxa4 Bc6 37. Nc3 Re5 38. Rd2 Re6 39. Rxg5 Rxf6 40. Rc5 Rb8 41. Nd5 Bxd5 42. Rcxd5 Rb3 43. R5d3 Rb4 44. Rd7 Kg7 45. R7d4 Rb3 46. R4d3 Rb5 47. Rd5 Rbb6 48. R5d4 Rb3 49. R4d3 Rb7 50. Rd7 Rbb6 51. R7d4 Rb8 52. Rd8 Rbb6 53. R8d4 Rf1 54. Rd6 Rb5 55. R6d5 Rb8 56. Rd8 Rb3 57. R8d3 Rb4 58. Rd4 Rb5 59. Rd5 Rb7 60. Rd7 Rb6 61. R7d6 Rb3 62. R6d3 Rxd3 63. Rxd3 Rb1 64. Rb3 Kh6 65. Kg3 f5 66. Rb6 Kg5 67. Kf2 f4 68. Rb5+ Kf6 69. Rb6+ Kf5 70. Rb5+ Ke4 71. Rb4+ Kf5 72. Rb5+ Kf6 73. Rb6+ Kg5 74. Rb5+ Kh4 75. Rb8 Kh5 76. Rh8+ Kg5 77. Rb8 1/2-1/2

[Event "CRO-chT2 Ost"]
[Site "Osijek"]
[Date "2012.05.05"]
[Round "4.56"]
[White "Vihovanec, Tomislav"]
[Black "Gubo, Marko"]
[Result "0-1"]
[WhiteElo "2006"]
[BlackElo "2080"]
[PlyCount "38"]
[EventDate "2012.04.21"]
[EventType "team-tourn"]
[EventRounds "11"]
[EventCountry "CRO"]
[SourceTitle "EXT 2014"]
[Source "ChessBase"]
[SourceDate "2013.11.20"]
[SourceVersion "1"]
[SourceVersionDate "2013.11.20"]
[SourceQuality "1"]

1. e4 d6 2. d4 g6 3. Bd3 Bg7 4. Ne2 c5 5. d5 Nf6 6. c4 Nbd7 7. 0-0 Ne5 8. Nbc3 0-0 9. h3 a6 10. f4 Nxd3 11. Qxd3 Ne8 12. f5 e6 13. fxe6 fxe6 14. Rxf8+ Kxf8 15. dxe6 Bxe6 16. Nf4 Qe7 17. Ncd5 Bxd5 18. exd5 Qe1+ 19. Qf1 Bd4+ 0-1

[Event "CRO-chT2 Ost"]
[Site "Osijek"]
[Date "2012.04.21"]
[Round "1.46"]
[White "Zubak, Zeljko"]
[Black "Vihovanec, Tomislav"]
[Result "1-0"]
[WhiteElo "1984"]
[BlackElo "2006"]
[PlyCount "57"]
[EventDate "2012.04.21"]
[EventType "team-tourn"]
[EventRounds "11"]
[EventCountry "CRO"]
[SourceTitle "EXT 2014"]
[Source "ChessBase"]
[SourceDate "2013.11.20"]
[SourceVersion "1"]
[SourceVersionDate "2013.11.20"]
[SourceQuality "1"]

1. d4 d5 2. c4 c6 3. Nc3 Nf6 4. Bf4 Bf5 5. cxd5 Nxd5 6. Bg3 e6 7. e3 Qb6 8. Qd2 Nd7 9. Nf3 N7f6 10. Be2 Bb4 11. Bd3 Qa5 12. Rc1 Bxd3 13. Qxd3 Qxa2 14. 0-0 Qb3 15. e4 Nb6 16. Qe2 0-0 17. Rfd1 Rfd8 18. Rd3 Nc4 19. Nd1 Qa2 20. Rc2 Qa6 21. Rb3 b5 22. Rxb4 Qa1 23. Rb3 Nxe4 24. Bf4 g5 25. Nxg5 Rxd4 26. Rc1 Qa4 27. Rd3 Rad8 28. Rxd4 Rxd4 29. Nxe4 1-0

[Event "Szombathely op-B"]
[Site "Szombathely"]
[Date "2010.08.01"]
[Round "9"]
[White "Vihovanec, Tomislav"]
[Black "Kalmar, Miksa"]
[Result "1-0"]
[WhiteElo "1973"]
[BlackElo "1897"]
[PlyCount "79"]
[EventDate "2010.07.28"]
[EventType "swiss"]
[EventRounds "9"]
[EventCountry "HUN"]
[SourceTitle "EXT 2012"]
[Source "ChessBase"]
[SourceDate "2011.11.24"]
[SourceVersion "1"]
[SourceVersionDate "2011.11.24"]
[SourceQuality "1"]

1. d4 f5 2. Nf3 Nf6 3. Bf4 g6 4. e3 Bg7 5. h3 0-0 6. Be2 d6 7. 0-0 Qe8 8. c4 c6 9. Nc3 h6 10. Rb1 Nh5 11. Bh2 e5 12. c5 e4 13. Nh4 Nf6 14. Bxd6 g5 15. Bxf8 Kxf8 16. Nf3 exf3 17. Bxf3 Na6 18. b4 Nc7 19. a4 Qf7 20. b5 Nfd5 21. Nxd5 Nxd5 22. Qd2 Be6 23. a5 a6 24. bxc6 bxc6 25. Rb2 Kg8 26. Rfb1 Ra7 27. Rb6 Qd7 28. Qd3 g4 29. Rb8+ Kf7 30. hxg4 fxg4 31. Be4 Bf6 32. Bg6+ Ke7 33. Re8+ Qxe8 34. Bxe8 Kxe8 35. Rb8+ Kd7 36. Qh7+ Be7 37. e4 Nf6 38. Qh8 Kc7 39. Rb6 Kd7 40. Qb8 1-0

[Event "Szombathely op-B"]
[Site "Szombathely"]
[Date "2010.07.30"]
[Round "6"]
[White "Vihovanec, Tomislav"]
[Black "Ugroczky, Peter"]
[Result "1-0"]
[WhiteElo "1973"]
[BlackElo "1670"]
[PlyCount "53"]
[EventDate "2010.07.28"]
[EventType "swiss"]
[EventRounds "9"]
[EventCountry "HUN"]
[SourceTitle "EXT 2012"]
[Source "ChessBase"]
[SourceDate "2011.11.24"]
[SourceVersion "1"]
[SourceVersionDate "2011.11.24"]
[SourceQuality "1"]

1. e4 c5 2. Nf3 d6 3. d4 cxd4 4. Nxd4 Nf6 5. Nc3 Nc6 6. Be3 e6 7. Be2 Be7 8. 0-0 0-0 9. Qd2 a6 10. f4 Nxd4 11. Bxd4 b5 12. Bd3 Bb7 13. a3 Rc8 14. Rae1 Qc7 15. e5 dxe5 16. fxe5 Nd5 17. Ne4 Nb6 18. Nf6+ Kh8 19. Bxh7 Rfd8 20. c3 gxf6 21. Qh6 Bf8 22. Qh5 Bg7 23. exf6 Rxd4 24. Bg6+ Kg8 25. Qh7+ Kf8 26. fxg7+ Ke7 27. Rxf7+ 1-0

[Event "Szombathely op-B"]
[Site "Szombathely"]
[Date "2010.07.29"]
[Round "4"]
[White "Vihovanec, Tomislav"]
[Black "Hajos, Roland"]
[Result "1/2-1/2"]
[WhiteElo "1973"]
[BlackElo "1750"]
[PlyCount "54"]
[EventDate "2010.07.28"]
[EventType "swiss"]
[EventRounds "9"]
[EventCountry "HUN"]
[SourceTitle "EXT 2012"]
[Source "ChessBase"]
[SourceDate "2011.11.24"]
[SourceVersion "1"]
[SourceVersionDate "2011.11.24"]
[SourceQuality "1"]

1. e4 c5 2. Nf3 Nc6 3. Nc3 Nf6 4. Bc4 e6 5. d4 cxd4 6. Nxd4 Bb4 7. Nxc6 dxc6 8. Qxd8+ Kxd8 9. Bg5 h6 10. Bxf6+ gxf6 11. 0-0-0+ Ke7 12. Ne2 Bc5 13. Rhf1 b5 14. Bb3 Bd6 15. g3 c5 16. c3 Bb7 17. Bc2 a5 18. Nf4 Bxf4+ 19. gxf4 b4 20. c4 a4 21. Rg1 b3 22. axb3 axb3 23. Bxb3 Bxe4 24. Bc2 Bxc2 25. Kxc2 Ra4 26. Kc3 Rb8 27. Rb1 Rd8 1/2-1/2

[Event "Osijek op"]
[Site "Osijek"]
[Date "2010.01.28"]
[Round "6"]
[White "Aleksic, Robert"]
[Black "Vihovanec, Tomislav"]
[Result "1-0"]
[WhiteElo "2221"]
[BlackElo "2014"]
[PlyCount "45"]
[EventDate "2010.01.23"]
[EventType "swiss"]
[EventRounds "9"]
[EventCountry "CRO"]
[SourceTitle "CBM 134 Extra"]
[Source "ChessBase"]
[SourceDate "2010.03.03"]
[SourceVersion "1"]
[SourceVersionDate "2010.03.03"]
[SourceQuality "1"]

1. e4 c5 2. Nf3 Nc6 3. Bb5 e6 4. Bxc6 bxc6 5. 0-0 Be7 6. d3 Nf6 7. e5 Nd5 8. Nbd2 0-0 9. c4 Nc7 10. Ne4 f6 11. exf6 gxf6 12. Bh6 Rf7 13. Qc2 e5 14. Ng3 d5 15. Rae1 Ne6 16. Nf5 Nd4 17. N3xd4 cxd4 18. Nxe7+ Rxe7 19. f4 dxc4 20. fxe5 Rxe5 21. Qf2 Qe8 22. Rxe5 fxe5 23. Qf6 1-0

[Event "Osijek op"]
[Site "Osijek"]
[Date "2010.01.23"]
[Round "2"]
[White "Vihovanec, Tomislav"]
[Black "Tarakcija, Hazim"]
[Result "1/2-1/2"]
[WhiteElo "2014"]
[BlackElo "2202"]
[PlyCount "72"]
[EventDate "2010.01.23"]
[EventType "swiss"]
[EventRounds "9"]
[EventCountry "CRO"]
[SourceTitle "CBM 134 Extra"]
[Source "ChessBase"]
[SourceDate "2010.03.03"]
[SourceVersion "1"]
[SourceVersionDate "2010.03.03"]
[SourceQuality "1"]

1. e4 c5 2. Nf3 Nc6 3. d4 cxd4 4. Nxd4 g6 5. Be3 Bg7 6. c3 Nf6 7. Nd2 0-0 8. Be2 d6 9. 0-0 Qc7 10. a4 d5 11. Nb5 Qb8 12. Bf3 Rd8 13. Qe2 a6 14. Nd4 Ne5 15. exd5 Nxf3+ 16. Qxf3 Nxd5 17. Ne4 e5 18. Nc2 Nxe3 19. fxe3 f5 20. Ng3 Be6 21. h4 Qc7 22. e4 f4 23. Nh1 Rd2 24. Rf2 Rxf2 25. Nxf2 Rd8 26. Nb4 Qe7 27. h5 Rd2 28. hxg6 hxg6 29. Nbd3 Qd8 30. Rd1 Rxd1+ 31. Qxd1 Qb6 32. b4 Qd8 33. Nc5 Qxd1+ 34. Nxd1 Bc8 35. a5 Kf7 36. Nb2 Bf8 1/2-1/2

[Event "Osijek OBZ Cup 2nd"]
[Site "Osijek"]
[Date "2009.03.15"]
[Round "4.2"]
[White "Sucic, Mihael"]
[Black "Vihovanec, Tomislav"]
[Result "0-1"]
[WhiteElo "1951"]
[BlackElo "1972"]
[PlyCount "95"]
[EventDate "2009.03.13"]
[EventType "team-tourn"]
[EventRounds "5"]
[EventCountry "CRO"]
[SourceTitle "EXT 2011"]
[Source "ChessBase"]
[SourceDate "2010.11.26"]
[SourceVersion "1"]
[SourceVersionDate "2010.11.26"]
[SourceQuality "1"]

1. d4 d5 2. c4 c6 3. Nc3 Nf6 4. e3 Bf5 5. Nf3 e6 6. Be2 Bd6 7. Nh4 Bg6 8. Nxg6 hxg6 9. h3 Nbd7 10. a3 dxc4 11. Bxc4 0-0 12. e4 e5 13. d5 Nb6 14. Bd3 cxd5 15. exd5 Bc5 16. 0-0 Nbxd5 17. Nxd5 Qxd5 18. Qe2 Bd4 19. Bc4 Qc6 20. Be3 Qb6 21. Rab1 Rad8 22. Rfd1 Rd6 23. Rd2 Rfd8 24. Rbd1 Ne4 25. Bxd4 Rxd4 26. Rxd4 Rxd4 27. Rxd4 Qxd4 28. Bb5 f5 29. Qc4+ Qxc4 30. Bxc4+ Kf8 31. Bd5 Nd6 32. Kf1 b6 33. Ke2 Ke7 34. a4 g5 35. b3 Ne8 36. Ke3 Kd6 37. Bc4 Kc5 38. g3 Nd6 39. Be6 f4+ 40. gxf4 gxf4+ 41. Kd3 e4+ 42. Kc3 g5 43. Bg8 b5 44. Be6 b4+ 45. Kd2 Kd4 46. Bd7 Nb7 47. Be6 Nc5 48. Bc4 0-1

[Event "CRO Cup 17th"]
[Site "Sibenik"]
[Date "2008.05.23"]
[Round "3"]
[White "Vihovanec, Tomislav"]
[Black "Zivkovic, Nikola"]
[Result "1/2-1/2"]
[WhiteElo "1985"]
[BlackElo "2193"]
[PlyCount "35"]
[EventDate "2008.05.21"]
[EventType "swiss"]
[EventRounds "5"]
[EventCountry "CRO"]
[SourceTitle "CBM 124 Extra"]
[Source "ChessBase"]
[SourceDate "2008.07.03"]
[SourceVersion "1"]
[SourceVersionDate "2008.07.03"]
[SourceQuality "1"]

1. e4 c5 2. Nf3 d6 3. d4 cxd4 4. Nxd4 Nf6 5. Nc3 a6 6. Be2 e5 7. Nb3 Be7 8. 0-0 0-0 9. Be3 Be6 10. f4 Qc7 11. f5 Bc4 12. Nd2 Bxe2 13. Qxe2 Rd8 14. Rad1 d5 15. exd5 Nxd5 16. Nxd5 Rxd5 17. Ne4 Rxd1 18. Rxd1 1/2-1/2

[Event "Osijek op"]
[Site "Osijek"]
[Date "2008.02.02"]
[Round "8"]
[White "Vihovanec, Tomislav"]
[Black "Pavlovic, Vladimir"]
[Result "1-0"]
[WhiteElo "1998"]
[BlackElo "2158"]
[PlyCount "47"]
[EventDate "2008.01.26"]
[EventType "team"]
[EventRounds "9"]
[EventCountry "CRO"]
[SourceTitle "EXT 2009"]
[Source "ChessBase"]
[SourceDate "2008.11.26"]
[SourceVersion "1"]
[SourceVersionDate "2008.11.26"]
[SourceQuality "1"]

1. e4 Nf6 2. e5 Nd5 3. c4 Nb6 4. d4 d6 5. exd6 exd6 6. Nc3 Be7 7. Nf3 Bg4 8. Be2 Nc6 9. b3 0-0 10. 0-0 Re8 11. d5 Bf6 12. dxc6 Bxc3 13. cxb7 Rb8 14. Bg5 f6 15. Rc1 Bb4 16. Be3 Bc5 17. Bxc5 dxc5 18. Re1 Rxb7 19. Qc2 Rb8 20. Bd3 h6 21. Nh4 Nd7 22. Rxe8+ Qxe8 23. Bg6 Qe5 24. Bh7+ 1-0

[Event "Osijek op"]
[Site "Osijek"]
[Date "2003.02.05"]
[Round "5"]
[White "Lovakovic, Franjo"]
[Black "Vihovanec, Tomislav"]
[Result "1-0"]
[WhiteElo "2066"]
[BlackElo "1720"]
[PlyCount "59"]
[EventDate "2003.02.01"]
[EventType "swiss"]
[EventRounds "9"]
[EventCountry "CRO"]
[SourceTitle "EXT 2005"]
[Source "ChessBase"]
[SourceDate "2004.11.15"]
[SourceVersion "1"]
[SourceVersionDate "2004.11.15"]
[SourceQuality "1"]

1. e4 e5 2. Nf3 Nc6 3. Bb5 a6 4. Ba4 Nf6 5. 0-0 Be7 6. Re1 b5 7. Bb3 0-0 8. c3 d6 9. d4 Bg4 10. d5 Nb8 11. Bg5 Nbd7 12. Nbd2 Re8 13. Be3 Nxe4 14. Nxe4 f5 15. Neg5 Bxg5 16. Bxg5 Bxf3 17. Bxd8 Bxd1 18. Bxc7 Bxb3 19. axb3 Nc5 20. Bxd6 Nxb3 21. Rad1 Na5 22. Bc7 Nb7 23. d6 Kf7 24. d7 Rf8 25. Rxe5 g6 26. Rde1 h6 27. Re7+ Kg8 28. Re8 Kf7 29. R1e7+ Kg8 30. Rxa8 1-0